<?xml version="1.0" encoding="UTF-8"?><?xml-stylesheet type="text/xsl" href="static/style.xsl"?><OAI-PMH xmlns="http://www.openarchives.org/OAI/2.0/" xmlns:xsi="http://www.w3.org/2001/XMLSchema-instance" xsi:schemaLocation="http://www.openarchives.org/OAI/2.0/ http://www.openarchives.org/OAI/2.0/OAI-PMH.xsd"><responseDate>2026-04-29T10:53:53Z</responseDate><request verb="GetRecord" identifier="oai:riubu.ubu.es:10259/4612" metadataPrefix="marc">https://riubu.ubu.es/oai/request</request><GetRecord><record><header><identifier>oai:riubu.ubu.es:10259/4612</identifier><datestamp>2022-04-26T11:42:11Z</datestamp><setSpec>com_10259_2699</setSpec><setSpec>col_10259_3887</setSpec></header><metadata><record xmlns="http://www.loc.gov/MARC21/slim" xmlns:doc="http://www.lyncode.com/xoai" xmlns:xsi="http://www.w3.org/2001/XMLSchema-instance" xmlns:dcterms="http://purl.org/dc/terms/" xsi:schemaLocation="http://www.loc.gov/MARC21/slim http://www.loc.gov/standards/marcxml/schema/MARC21slim.xsd">
<leader>00925njm 22002777a 4500</leader>
<datafield tag="042" ind1=" " ind2=" ">
<subfield code="a">dc</subfield>
</datafield>
<datafield tag="720" ind1=" " ind2=" ">
<subfield code="a">González Vicente, Luis</subfield>
<subfield code="e">author</subfield>
</datafield>
<datafield tag="260" ind1=" " ind2=" ">
<subfield code="c">2017</subfield>
</datafield>
<datafield tag="520" ind1=" " ind2=" ">
<subfield code="a">La escoliosis más estudiada es la escoliosis idiopática del adolescente (EIA). Su etiología sigue siendo desconocida.&#xd;
La escoliosis es una deformidad vertebral de diversos orígenes. A pesar de que su &#xd;
aspecto clínico que puede ser parecido, las escoliosis de un u otro grupo etiológico pueden tener pronósticos muy dispares, por la diferente progresividad y gravedad de sus curvas.&#xd;
El índice de efectividad del corsé ISJ es alto en todas las curvas. El sexo no influye en los resultados. Las curvas aumentan en los grados de crecimiento risser 0 y 1.  No aumentan en el grado de crecimiento óseo risser 2 y 3. La calidad de vida con el corsé es alta. &#xd;
El corsé ISJ 3D es efectivo para todos los tipos de curvas. No varia los resultados según el sexo de los pacientes. Cuanto menor es el grado de crecimiento óseo, mayor son las posibilidades de evolución. El corsé ISJ proporciona una buena calidad de vida en sus pacientes.</subfield>
</datafield>
<datafield tag="024" ind2=" " ind1="8">
<subfield code="a">http://hdl.handle.net/10259/4612</subfield>
</datafield>
<datafield tag="024" ind2=" " ind1="8">
<subfield code="a">10.36443/10259/4612</subfield>
</datafield>
<datafield ind1=" " ind2=" " tag="653">
<subfield code="a">Escoliosis</subfield>
</datafield>
<datafield ind1=" " ind2=" " tag="653">
<subfield code="a">Idiopática</subfield>
</datafield>
<datafield ind1=" " ind2=" " tag="653">
<subfield code="a">Risser</subfield>
</datafield>
<datafield ind1=" " ind2=" " tag="653">
<subfield code="a">Corsé</subfield>
</datafield>
<datafield ind1=" " ind2=" " tag="653">
<subfield code="a">Tratamiento</subfield>
</datafield>
<datafield ind1=" " ind2=" " tag="653">
<subfield code="a">Scoliosis</subfield>
</datafield>
<datafield ind1=" " ind2=" " tag="653">
<subfield code="a">Brace</subfield>
</datafield>
<datafield ind1=" " ind2=" " tag="653">
<subfield code="a">Risser</subfield>
</datafield>
<datafield ind1=" " ind2=" " tag="653">
<subfield code="a">Treatment</subfield>
</datafield>
<datafield ind1=" " ind2=" " tag="653">
<subfield code="a">Idiophatic</subfield>
</datafield>
<datafield tag="245" ind1="0" ind2="0">
<subfield code="a">El Corsé nocturno ISJ 3D en el tratamiento de las escoliosis</subfield>
</datafield>
</record></metadata></record></GetRecord></OAI-PMH>